000 00255nam a22001097a 4500
040 _cSCME
100 _aLeach richard
_9113251
245 _aCharacterisation of areal surface texture
260 _aUK
_bSpringer
_c2013
300 _a345p.
942 _2ddc
_cBK
999 _c595003
_d595003